01112nam a22002897a 4500003000400000005001700004008004100021040002200062082001800084100002500102245004500127260006000172300002100232366000800253490003100261505010100292505004000393505001200433650005500445650004700500650004800547650004300595650004500638650005600683650004700739700003600786OSt20230608141629.0221006b |||||||| |||| 00| 0 eng d cBiblioteca Lado V a709.05bG851a aGriffin, Timeeditor aArtforum/bInternacional/cBest of 2003/ aNew Yorkc2003bNew York editorial and business offices c26.5x27cma178p. espa aDiciembrev2003x0864-1315 tCOLUMNSaSlant Music: Best of 2003 Architecture Film: Best of 2003 Tech Books: Best of 2003 tFeaturesaBest of 2003: 11 Top Tens tReviews 2Tesauro de Arte & ArquitecturaaARTE COMTEMPORANEO 2Tesauro de Arte & ArquitecturaaFOTOGRAFIA 2Tesauro de Arte & ArquitecturaaARTE VISUAL 2Tesauro de Arte & ArquitecturaaLIBROS 2Tesauro de Arte & ArquitecturaaNOTICIAS 2 Tesauro de Arte & ArquitecturaaARTE INTERNACIONAL 2 Tesauro de Arte & ArquitecturaaESCULTURA aNavarreta, Jose Antonioeeditor